000 00907cam a22002535a 4500
001 L158894
008 150916s2015 xxk f 000 0 eng d
035 _a(Sirsi) u158894
041 0 _aeng
110 2 _aCentreforCities
_96135
245 0 0 _aCities outlook 2015
_h[electronic resource]
260 _aLondon
_bCitiesforCities
_c2015
520 _aAnnual survey looking at economic prospects for 64 towns and cities in the UK. Economic data available for each city and town available to download.
590 _aKA
650 2 4 _aCITIES
650 2 4 _aTOWNS
650 2 4 _aDEMOGRAPHICS
651 4 _aEngland and Wales
_y1543-
690 _aBusiness and management
690 _aInvestments
_96250
690 _aCommercial property
_96227
856 4 0 _uhttps://www.centreforcities.org/publication/cities-outlook-2015/
_zView this publication free of charge at www.centreforcities.org
942 _n0
999 _c115572
_d115572